[Event "Ostsjaellands EMT 2007"]
[Site "Faxe"]
[Date "2007.05.02"]
[Round "5"]
[White "Lillebro, Verner"]
[Black "Toftvang, Ove"]
[Result "1/2-1/2"]
[WhiteElo "1177"]
[BlackElo "1216"]
[PlyCount "180"]
[EventDate "2007.??.??"]

1. e4 e5 2. Nf3 Nc6 3. Bb5 d6 4. d4 Bg4 5. Bxc6+ bxc6 6. dxe5 Bxf3 7. Qxf3 dxe5
8. O-O Bd6 9. Nc3 h6 10. Be3 Ne7 11. Qg4 Ng6 12. Rad1 Qe7 13. Qe2 O-O 14. Qc4
Qe8 15. Ne2 Kh8 16. Ng3 Ne7 17. Qc3 f6 18. Qd2 Qg6 19. c4 c5 20. b3 a5 21. a4
h5 22. f4 h4 23. f5 Qg4 24. h3 Qxg3 25. Rf3 g6 26. Rxg3 hxg3 27. Bh6 Rg8 28.
fxg6 Rxg6 29. Rf1 Kh7 30. Be3 Rf8 31. Qe2 Rh8 32. Rf3 Kg7 33. Bd2 Nc6 34. Qe1
Kf7 35. Bxa5 Nd4 36. Rd3 Ne6 37. Rxg3 Rhg8 38. Rxg6 Rxg6 39. g3 Nd4 40. Kg2 f5
41. Bc3 f4 42. g4 f3+ 43. Kf2 Rh6 44. Qh1 Rf6 45. g5 Rf4 46. Bxd4 exd4 47. a5
Kg6 48. a6 Rf8 49. h4 c6 50. Qb1 Be5 51. a7 Ra8 52. Kxf3 Rxa7 53. Kg4 Rf7 54.
h5+ Kg7 55. Qc1 Rf2 56. Kh4 d3 57. h6+ Kg6 58. Qd1 d2 59. Qh5+ Kh7 60. g6+ Kg8
61. h7+ Kf8 62. Qh6+ Ke7 63. Qe3 Rf4+ 64. Kg5 d1=Q 65. Qxc5+ Qd6 66. Qxd6+ Kxd6
67. g7 Rg4+ 68. Kxg4 Bxg7 69. Kf5 c5 70. Kf4 Ke6 71. Ke3 Be5 72. Kd3 Kf7 73.
Kc2 Kg7 74. h8=Q+ Kxh8 75. Kd3 Kg7 76. Kc2 Kf6 77. Kd3 Bd6 78. Ke3 Ke5 79. Kd3
Kf4 80. Kc3 Kxe4 81. Kc2 Kd4 82. Kd2 Bf4+ 83. Kc2 Be3 84. Kb2 Kd3 85. Ka3 Kc3
86. Ka4 Bd4 87. Ka3 Kc2 88. b4 Bb2+ 89. Ka4 cxb4 90. Kxb4 Bd4 1/2-1/2

[Event "Ostsjaellands EMT 2007"]
[Site "Faxe"]
[Date "2007.05.16"]
[Round "6"]
[White "Hansen, Knud"]
[Black "Eckert, Svend"]
[Result "1-0"]
[WhiteElo "1660"]
[BlackElo "1513"]
[PlyCount "65"]
[EventDate "2007.??.??"]

1. e4 c5 2. Bc4 e6 3. a3 d5 4. exd5 exd5 5. Ba2 Nf6 6. d3 Be7 7. Nf3 Nc6 8. h3
O-O 9. O-O a6 10. Nc3 b5 11. Ne2 h6 12. c3 Bb7 13. Ng3 Qd7 14. Bf4 Bd8 15. Qd2
Bc7 16. Rae1 Rae8 17. Bb1 d4 18. Bxh6 gxh6 19. Qxh6 Nh7 20. Nh5 f6 21. Rxe8
Rxe8 22. Ba2+ c4 23. dxc4 Ne5 24. cxb5+ Kh8 25. Nxd4 Rg8 26. Bxg8 Kxg8 27.
Nxf6+ Nxf6 28. Qxf6 axb5 29. Ne6 Bd5 30. Nxc7 Qxc7 31. Re1 Nf7 32. Re8+ Kh7 33.
Qf5+ 1-0

[Event "Ostsjaellands EMT 2007"]
[Site "Faxe"]
[Date "2007.05.16"]
[Round "6"]
[White "Christoffersen, Per"]
[Black "Hansen, Egon"]
[Result "1-0"]
[WhiteElo "1495"]
[BlackElo "1546"]
[PlyCount "101"]
[EventDate "2007.??.??"]

1. d4 Nf6 2. Nf3 g6 3. c4 Bg7 4. Nc3 d6 5. e4 O-O 6. Be2 Nbd7 7. O-O e5 8. d5
a5 9. Qc2 Nc5 10. Nd2 Ne8 11. Nb3 b6 12. Nxc5 bxc5 13. Bd2 f5 14. f3 f4 15. Nb5
Bd7 16. a4 g5 17. Ra3 h5 18. Qd1 Nf6 19. Qe1 c6 20. Nxd6 Qc7 21. dxc6 Bxc6 22.
Nb5 Bxb5 23. cxb5 Rfd8 24. Bc4+ Kh7 25. Bc3 Bf8 26. Rb3 Qd6 27. Kh1 Rd7 28. Qb1
Be7 29. Ra3 Bd8 30. Ra1 Bc7 31. Rd1 Qe7 32. Rxd7 Nxd7 33. b3 Kg6 34. Qc2 Kf6
35. Rd1 Rd8 36. Rd2 Nf8 37. Qd1 Ne6 38. Rxd8 Qxd8 39. Qxd8+ Bxd8 40. Bxe6 Kxe6
41. Kg1 g4 42. Kf1 Bc7 43. Ke2 Bb6 44. Kd3 Kd6 45. Kc4 g3 46. h3 Ke6 47. Bb2
Ba7 48. b6 Bxb6 49. Kb5 Ba7 50. Kxa5 Kd6 51. Kb5 1-0

[Event "Ostsjaellands EMT 2007"]
[Site "Faxe"]
[Date "2007.05.16"]
[Round "6"]
[White "Refsgaard, Kaj"]
[Black "Lillebro, Verner"]
[Result "0-1"]
[WhiteElo "1641"]
[BlackElo "1177"]
[PlyCount "80"]
[EventDate "2007.??.??"]

1. d4 d5 2. c4 Nf6 3. Bg5 e6 4. e3 Be7 5. Nf3 Nc6 6. Nc3 O-O 7. Rc1 b6 8. cxd5
Nxd5 9. Bxe7 Ncxe7 10. Bd3 Nf6 11. O-O Bb7 12. Ne5 Nc6 13. Nxc6 Bxc6 14. Qc2
Rc8 15. Ba6 Rb8 16. Ne2 Bb7 17. Bd3 Rc8 18. Ng3 c5 19. dxc5 Rxc5 20. Qe2 Qd5
21. f3 Rxc1 22. Rxc1 Qxa2 23. Rc7 Ba8 24. Qc2 g6 25. Rc8 Bb7 26. Rxf8+ Kxf8 27.
Qc3 Kg7 28. Be4 Bd5 29. Bxd5 Qxd5 30. Ne4 e5 31. Nd2 Kg8 32. Kf2 Nd7 33. Ne4 f5
34. Ng5 h6 35. e4 Qc5+ 36. Qxc5 Nxc5 37. Nh3 fxe4 38. fxe4 Nd3+ 39. Ke3 Nxb2
40. Nf2 h5 0-1

[Event "Ostsjaellands EMT 2007"]
[Site "Faxe"]
[Date "2007.05.16"]
[Round "6"]
[White "Toftvang, Ove"]
[Black "Wehlast, Svend Erik"]
[Result "1/2-1/2"]
[WhiteElo "1216"]
[BlackElo "1395"]
[PlyCount "93"]
[EventDate "2007.??.??"]

1. g3 d5 2. d4 h6 3. Bg2 Nf6 4. Nc3 e6 5. f4 c5 6. Nf3 Nc6 7. e3 a6 8. Ne5 Nxe5
9. fxe5 cxd4 10. exd4 Nh7 11. O-O Be7 12. Qg4 Bg5 13. h4 Bxc1 14. Qxg7 Be3+ 15.
Kh2 Kd7 16. Rxf7+ Kc6 17. Qg6 Bxd4 18. Bxd5+ Kc5 19. Bxb7 Bxb7 20. Rxb7 Bxc3
21. bxc3 Rb8 22. Rxh7 Qd2+ 23. Kh3 Rxh7 24. Qxh7 Rb6 25. Qe7+ Kc6 26. c4 Qd7
27. Qxd7+ Kxd7 28. c3 Kc6 29. Rd1 Kc5 30. Kg4 Kxc4 31. Rd6 Rb5 32. Rxe6 Kxc3
33. Kf5 a5 34. Rxh6 Rb2 35. e6 a4 36. e7 Rf2+ 37. Kg4 Re2 38. Rc6+ Kb2 39. Ra6
a3 40. h5 Kxa2 41. h6 Rxe7 42. Rb6 Ka1 43. Kf5 a2 44. g4 Re2 45. h7 Rh2 46. Kg6
Rxh7 47. Kxh7 1/2-1/2

[Event "Ostsjaellands EMT 2007"]
[Site "Faxe"]
[Date "2007.05.16"]
[Round "6"]
[White "Andersen, Hans Poul"]
[Black "Christoffersen, Ib"]
[Result "0-1"]
[WhiteElo "1352"]
[BlackElo "1380"]
[PlyCount "114"]
[EventDate "2007.??.??"]

1. e4 e5 2. Bc4 Nf6 3. d3 h6 4. Bd2 Nc6 5. Nf3 d6 6. h3 Be7 7. O-O a6 8. a3 g5
9. Nh2 Rg8 10. g4 h5 11. f3 Nd4 12. c3 Ne6 13. Bxe6 Bxe6 14. c4 Qd7 15. Rf2
O-O-O 16. Rg2 hxg4 17. fxg4 Rg7 18. Nc3 Nh7 19. Qf3 Nf8 20. Qe3 Kb8 21. b4 c6
22. Kh1 Ng6 23. Rf1 Nf4 24. Rg3 f6 25. Qf3 d5 26. Bxf4 gxf4 27. Rg2 Rdg8 28.
exd5 cxd5 29. cxd5 Bf7 30. Rc1 f5 31. Rcg1 Qc7 32. Ne2 Qd7 33. Nc3 Rc8 34. d4
Qd6 35. gxf5 Rxg2 36. Rxg2 exd4 37. Ne4 Qe5 38. Rf2 Bxd5 39. Ng4 Qxf5 40. Qxf4+
Qxf4 41. Rxf4 Bd6 42. Ngf6 Bxf4 43. Nxd5 Be3 44. Nc5 Rd8 45. Nxe3 dxe3 46. Kg2
Re8 47. Kf1 Kc7 48. Ke2 Kc6 49. Nd3 Kb5 50. h4 Ka4 51. Nc5+ Kxa3 52. Nxb7 Kxb4
53. Nd6 Re6 54. Nf5 a5 55. Nd4 Re8 56. Nc2+ Kc3 57. Nxe3 Kd4 0-1

[Event "Ostsjaellands EMT 2007"]
[Site "Faxe"]
[Date "2007.05.16"]
[Round "6"]
[White "Eriksen, Knud Ejler"]
[Black "Voigt, Keld"]
[Result "1/2-1/2"]
[WhiteElo "1197"]
[BlackElo "1303"]
[PlyCount "129"]
[EventDate "2007.??.??"]

1. e4 Nc6 2. Nf3 d6 3. Bc4 Nf6 4. Nc3 h6 5. h3 e5 6. a3 Na5 7. Ba2 c5 8. d3 Be7
9. O-O O-O 10. Bd2 Nc6 11. Ne2 Qb6 12. Qc1 Kh7 13. Be3 Ng8 14. Nc3 Qd8 15. Nd5
f5 16. exf5 Bxf5 17. Nxe7 Ncxe7 18. Nh2 b6 19. f4 e4 20. dxe4 Bxe4 21. Ng4 d5
22. Bd2 Nf5 23. Be1 Nh4 24. Bxh4 Qxh4 25. Qd2 Rf5 26. Ne5 Ne7 27. Nf3 Qxf4 28.
Qxf4 Rxf4 29. c3 Bxf3 30. Rxf3 Rxf3 31. gxf3 Rd8 32. Re1 Ng8 33. Kg2 Nf6 34.
Kg3 Kh8 35. h4 d4 36. cxd4 cxd4 37. Re2 Rd6 38. Rd2 Nd7 39. b4 h5 40. Kf4 g6
41. Ke4 Kg7 42. Rxd4 Rxd4+ 43. Kxd4 Kf6 44. Bb1 Ne5 45. Be4 Ke6 46. f4 Ng4 47.
Bxg6 Nh6 48. Bxh5 Nf5+ 49. Ke4 Nxh4 50. Bd1 a5 51. bxa5 bxa5 52. a4 Kd6 53. f5
Ke7 54. Ke5 Ng2 55. f6+ Kf8 56. Ke6 Nf4+ 57. Kf5 Nd3 58. Be2 Nc5 59. Bb5 Nb7
60. Bc6 Nc5 61. Ke5 Na6 62. Bb5 Nc7 63. Bc4 Na8 64. f7 Nb6 65. Bb5 1/2-1/2

[Event "Ostsjaellands EMT 2007"]
[Site "Faxe"]
[Date "2007.05.16"]
[Round "6"]
[White "Hansen, Arne Mandrup"]
[Black "Jepsen, Finn"]
[Result "1-0"]
[WhiteElo "1385"]
[BlackElo "1178"]
[PlyCount "23"]
[EventDate "2007.??.??"]

1. d4 d5 2. Bf4 Nf6 3. e3 e6 4. Nf3 Be7 5. Bd3 Nc6 6. c3 Nh5 7. Bg3 Nxg3 8.
hxg3 O-O 9. Bxh7+ Kh8 10. Ne5 Nxe5 11. dxe5 f6 12. Qh5 1-0

[Event "Ostsjaellands EMT 2007"]
[Site "Faxe"]
[Date "2007.05.17"]
[Round "6"]
[White "Sorensen, Soren"]
[Black "Eriksen, Keld"]
[Result "1-0"]
[WhiteElo "1763"]
[BlackElo "1745"]
[PlyCount "79"]
[EventDate "2007.??.??"]

1. e4 c5 2. Nf3 Nc6 3. d4 cxd4 4. Nxd4 e5 5. Nb5 a6 6. N5c3 d6 7. Be2 f5 8.
exf5 Bxf5 9. Be3 Nf6 10. g4 Bg6 11. g5 Ne4 12. Rg1 Be7 13. Nxe4 Bxe4 14. Nc3
Bg6 15. Nd5 b5 16. Bb6 Qb8 17. Nc7+ Kf8 18. Nxa8 Qxa8 19. c3 Qb8 20. Be3 Bf7
21. a4 g6 22. axb5 axb5 23. Ra6 Qb7 24. Rb6 Qc7 25. Rxb5 Kg7 26. Qa1 d5 27. Bb6
Qd7 28. Bc5 Qh3 29. Bxe7 Nxe7 30. Qa6 Re8 31. Qf6+ Kg8 32. Qxe5 Nf5 33. Rb8
Rxb8 34. Qxb8+ Kg7 35. Qe5+ Kg8 36. Rg4 d4 37. cxd4 Qb3 38. d5 Bxd5 39. Qxd5+
Qxd5 40. Bc4 1-0

[Event "Ostsjaellands EMT 2007"]
[Site "Faxe"]
[Date "2007.05.21"]
[Round "6"]
[White "Jensen, Leif"]
[Black "Christensen, Lars (1957)"]
[Result "1/2-1/2"]
[WhiteElo "2057"]
[BlackElo "1974"]
[PlyCount "121"]
[EventDate "2007.??.??"]

1. e4 d5 2. exd5 Qxd5 3. Qf3 Nf6 4. c3 c6 5. d4 Bg4 6. Qxd5 cxd5 7. Bf4 Nc6 8.
Nd2 a6 9. Ngf3 Rc8 10. Ne5 Nxe5 11. Bxe5 Nd7 12. Bg3 g6 13. Nb3 Bg7 14. Bd3 Bf5
15. Bxf5 gxf5 16. f3 b6 17. O-O f6 18. Rfe1 Kf7 19. Rad1 h5 20. Re2 e6 21. Nc1
Rhe8 22. Nd3 Bh6 23. Rde1 Nf8 24. Bd6 Ng6 25. Bg3 a5 26. Bf2 Rc6 27. Be3 Bg7
28. Bf4 Rh8 29. Kf2 Re8 30. Kf1 Bf8 31. Bd2 Bd6 32. f4 Bc7 33. Kf2 Ne7 34. Kf3
Nc8 35. Rc1 Nd6 36. Be1 Ne4 37. Rec2 b5 38. b3 Bd6 39. c4 dxc4 40. bxc4 bxc4
41. Rxc4 Ra6 42. Rc6 Rea8 43. a4 Ke7 44. Rxa6 Rxa6 45. Rb1 Bc7 46. Rb3 Kd6 47.
Ke3 Bb6 48. Nb2 Kc6 49. Nc4 Bc7 50. Kd3 Nd6 51. g3 Nb7 52. Rb5 Nd6 53. Rc5+ Kd7
54. Bxa5 Bxa5 55. Rxa5 Rc6 56. Ra7+ Ke8 57. Nxd6+ Rxd6 58. a5 e5 59. fxe5 fxe5
60. a6 Rxd4+ 61. Ke3 1/2-1/2

[Event "Ostsjaellands EMT 2007"]
[Site "Faxe"]
[Date "2007.05.23"]
[Round "7"]
[White "Hansen, Knud"]
[Black "Sorensen, Soren"]
[Result "1/2-1/2"]
[WhiteElo "1660"]
[BlackElo "1763"]
[PlyCount "90"]
[EventDate "2007.??.??"]

1. e4 c5 2. Bc4 Nc6 3. a3 d6 4. d3 Nf6 5. Ne2 e6 6. O-O Be7 7. h3 O-O 8. Nd2 d5
9. exd5 exd5 10. Ba2 Be6 11. c3 Qd7 12. Nf4 Bd6 13. Nxe6 fxe6 14. Nf3 Rae8 15.
Be3 e5 16. Qc2 Kh8 17. Rae1 Qf5 18. Bb1 h6 19. Qc1 Qh5 20. Qd1 Ne7 21. Bc1 Nf5
22. Nd2 Qg6 23. Nf3 e4 24. dxe4 dxe4 25. Nh2 Nh4 26. Ng4 Bc7 27. Kh1 Nxg2 28.
Kxg2 h5 29. Rh1 Nh7 30. Kf1 hxg4 31. hxg4 Qf7 32. Qe2 Kg8 33. Be3 Re5 34. b4 c4
35. Bd4 Ng5 36. Qe3 Bb6 37. Bxb6 axb6 38. Re2 Rd8 39. Re1 Nf3 40. Rc1 Qe6 41.
Qf4 Rf8 42. Rh8+ Kxh8 43. Qxf8+ Kh7 44. Bxe4+ Rxe4 45. Qxf3 Qxg4 1/2-1/2

[Event "Ostsjaellands EMT 2007"]
[Site "Faxe"]
[Date "2007.05.23"]
[Round "7"]
[White "Christoffersen, Per"]
[Black "Christensen, Lars (1957)"]
[Result "0-1"]
[WhiteElo "1495"]
[BlackElo "1974"]
[PlyCount "102"]
[EventDate "2007.??.??"]

1. d4 Nf6 2. Nf3 c5 3. e3 g6 4. Bd3 Bg7 5. c3 b6 6. O-O Ba6 7. Qe2 Bxd3 8. Qxd3
O-O 9. e4 d6 10. Bg5 Nbd7 11. Nbd2 Qc7 12. Rfe1 Rad8 13. Qc4 h6 14. Bh4 g5 15.
Bg3 Nh5 16. Re3 b5 17. Qd3 c4 18. Qc2 Nxg3 19. hxg3 e5 20. dxe5 dxe5 21. b3
cxb3 22. axb3 Nc5 23. Nf1 Rd7 24. c4 Ne6 25. Qa2 Rb8 26. Qa5 bxc4 27. Qxc7 Rxc7
28. bxc4 Rxc4 29. Rxa7 Rc1 30. N3d2 Rb2 31. Rd7 Nd4 32. Rd8+ Kh7 33. Kh2 Rd1
34. Rd3 g4 35. Rd7 Kg6 36. Rd6+ Kh7 37. Rd7 Kg8 38. Rd8+ Bf8 39. Kg1 Kg7 40.
Kh2 h5 41. Kg1 Bb4 42. Nc4 Rxd3 43. Nxb2 Ne2+ 44. Kh2 Rxd8 45. Nc4 Bc5 46. Nce3
Bxe3 47. Nxe3 Rd4 48. f3 Rd3 49. Nf5+ Kf6 50. f4 exf4 51. gxf4 Nxf4 0-1

[Event "Ostsjaellands EMT 2007"]
[Site "Faxe"]
[Date "2007.05.23"]
[Round "7"]
[White "Hansen, Egon"]
[Black "Eriksen, Keld"]
[Result "0-1"]
[WhiteElo "1546"]
[BlackElo "1745"]
[PlyCount "86"]
[EventDate "2007.??.??"]

1. e4 c5 2. Nf3 Nc6 3. Nc3 d6 4. Be2 e6 5. d4 cxd4 6. Nxd4 Nf6 7. Be3 Be7 8.
O-O O-O 9. Nb3 a6 10. a4 b6 11. f4 Bb7 12. Bf3 Qc7 13. Qe2 Rad8 14. Rfd1 Nd7
15. Rd2 Nc5 16. Nxc5 bxc5 17. b3 Bf6 18. e5 dxe5 19. Ne4 exf4 20. Nxf6+ gxf6
21. Rxd8 Nxd8 22. Bf2 Bxf3 23. Qxf3 e5 24. Bh4 f5 25. Qh5 f6 26. Qxf5 Qg7 27.
Rd1 Qg6 28. Qxg6+ hxg6 29. Rd6 g5 30. Be1 Kf7 31. Rxa6 Ne6 32. c3 e4 33. Kf2
Rb8 34. b4 cxb4 35. cxb4 Nd4 36. Bc3 e3+ 37. Kf1 Rd8 38. b5 g4 39. b6 f3 40. b7
Ne6 41. gxf3 gxf3 42. Ke1 f2+ 43. Ke2 Nf4+ 0-1

[Event "Ostsjaellands EMT 2007"]
[Site "Faxe"]
[Date "2007.05.23"]
[Round "7"]
[White "Lillebro, Verner"]
[Black "Jensen, Leif"]
[Result "0-1"]
[WhiteElo "1177"]
[BlackElo "2057"]
[PlyCount "52"]
[EventDate "2007.??.??"]

1. e4 e6 2. Nf3 d5 3. exd5 exd5 4. d4 Bd6 5. Nc3 c6 6. Bd3 Nf6 7. O-O O-O 8.
Bg5 Bg4 9. Re1 Nbd7 10. Re3 Qc7 11. g3 h6 12. Bxf6 Nxf6 13. Qd2 Rfe8 14. Rae1
Rxe3 15. Rxe3 Kf8 16. Bf1 Bb4 17. Qd3 Bxf3 18. Rxf3 Re8 19. Ne2 Bd6 20. Re3 Qb6
21. Rxe8+ Kxe8 22. b3 Qa5 23. Bh3 Qe1+ 24. Kg2 Ne4 25. Qe3 Kf8 26. a4 Nd2 0-1

[Event "Ostsjaellands EMT 2007"]
[Site "Faxe"]
[Date "2007.05.23"]
[Round "7"]
[White "Toftvang, Ove"]
[Black "Eckert, Svend"]
[Result "0-1"]
[WhiteElo "1216"]
[BlackElo "1513"]
[PlyCount "109"]
[EventDate "2007.??.??"]

1. g3 e5 2. Bg2 d5 3. d3 Nf6 4. c3 Nc6 5. h3 Be7 6. e3 O-O 7. Nd2 Re8 8. Ne2
Bf5 9. d4 e4 10. O-O Bd6 11. c4 Nb4 12. c5 Bf8 13. Qb3 a5 14. a3 Nd3 15. Qc3 c6
16. a4 h5 17. Nf4 g5 18. Nxd3 exd3 19. Nf3 Ne4 20. Qe1 f6 21. Nd2 Qd7 22. Nxe4
dxe4 23. Qd1 g4 24. h4 Bg6 25. Bd2 f5 26. b4 axb4 27. Bxb4 Bf7 28. Ra3 b6 29.
Rc3 Bd5 30. Qa1 Ra6 31. Ra3 Rea8 32. a5 bxa5 33. Rxa5 Rxa5 34. Bxa5 Qa7 35. Bc3
Qxa1 36. Rxa1 Rxa1+ 37. Bxa1 d2 38. Bc3 d1=Q+ 39. Kh2 Bc4 40. Ba5 Bf1 41. Bc7
Qe2 42. Kg1 Bxg2 43. Kxg2 Kf7 44. Be5 Qc4 45. Bf4 Bxc5 46. dxc5 Qxc5 47. Bg5
Qb5 48. Bd8 c5 49. Bc7 c4 50. Bd6 c3 51. Ba3 c2 52. Kh2 Qf1 53. Bb2 Qxf2+ 54.
Kh1 Qxe3 55. Kg2 0-1

[Event "Ostsjaellands EMT 2007"]
[Site "Faxe"]
[Date "2007.05.23"]
[Round "7"]
[White "Christoffersen, Ib"]
[Black "Refsgaard, Kaj"]
[Result "1/2-1/2"]
[WhiteElo "1380"]
[BlackElo "1641"]
[PlyCount "101"]
[EventDate "2007.??.??"]

1. d4 Nf6 2. Nc3 g6 3. Nf3 Bg7 4. Bf4 d6 5. e3 O-O 6. Bd3 Nbd7 7. O-O c5 8. d5
Nb6 9. e4 Nh5 10. Be3 f5 11. Be2 fxe4 12. Nxe4 Bxb2 13. Rb1 Bg7 14. Nfg5 Nf4
15. Bxf4 Rxf4 16. Qd2 Rf5 17. c4 Qf8 18. Bg4 Rf4 19. Bxc8 Rxc8 20. Ne6 Nxc4 21.
Qxf4 Qxf4 22. Nxf4 b6 23. Rfc1 Ne5 24. Ne6 Bh6 25. Rc3 c4 26. Rh3 Bg7 27. Nxg7
Kxg7 28. Ng5 h5 29. Ne4 Rb8 30. a4 a6 31. Rc3 b5 32. axb5 axb5 33. f4 Nd3 34.
Nd2 Nxf4 35. Kf1 Nxd5 36. Rcc1 c3 37. Ne4 b4 38. Kf2 Rf8+ 39. Ke1 Rf5 40. Ng3
Re5+ 41. Kf2 Nf4 42. Rc2 Nd3+ 43. Kf1 d5 44. Rd1 Nb2 45. Rd4 Nc4 46. Rc1 Nd2+
47. Kf2 Nb3 48. Rxb4 Nxc1 49. Rd4 c2 50. Kf3 e6 51. Rd2 1/2-1/2

[Event "Ostsjaellands EMT 2007"]
[Site "Faxe"]
[Date "2007.05.23"]
[Round "7"]
[White "Wehlast, Svend Erik"]
[Black "Eriksen, Knud Ejler"]
[Result "1-0"]
[WhiteElo "1395"]
[BlackElo "1197"]
[PlyCount "59"]
[EventDate "2007.??.??"]

1. d4 d5 2. Nf3 Nf6 3. e3 e6 4. a3 a6 5. c4 dxc4 6. Bxc4 c5 7. O-O Be7 8. Nc3
O-O 9. d5 exd5 10. Bxd5 Nbd7 11. Qb3 Qe8 12. e4 Bd6 13. Bg5 h6 14. Bxf6 Nxf6
15. Rfe1 Bc7 16. h3 Rb8 17. Rad1 b5 18. Qc2 Nd7 19. Bc6 Rb6 20. Bxd7 Bxd7 21.
Nd5 Rc6 22. Nxc7 Rxc7 23. Rd6 Ra7 24. Qxc5 Ra8 25. b4 Qe7 26. Qc7 Rfd8 27. Red1
Rac8 28. Qb6 Ra8 29. Qd4 Ra7 30. Qxa7 1-0

[Event "Ostsjaellands EMT 2007"]
[Site "Faxe"]
[Date "2007.05.23"]
[Round "7"]
[White "Nesheim, Erik"]
[Black "Hansen, Arne Mandrup"]
[Result "1-0"]
[WhiteElo "1311"]
[BlackElo "1385"]
[PlyCount "108"]
[EventDate "2007.??.??"]

1. d4 d5 2. Bg5 c6 3. c3 Bf5 4. Nd2 f6 5. Bf4 Nd7 6. Nb3 b6 7. e3 e6 8. Bd3 Bg6
9. Bxg6+ hxg6 10. Qg4 Kf7 11. h3 Be7 12. Qf3 Nf8 13. Ne2 Ke8 14. O-O Bd6 15.
Qg3 Bxf4 16. Nxf4 g5 17. Nd3 Ng6 18. f4 N8e7 19. fxg5 f5 20. Ne5 Qb8 21. Qh2
Nxe5 22. dxe5 Ng6 23. Nd4 Kd7 24. Nf3 Rh5 25. Rad1 Rh7 26. c4 Qc7 27. Rd2 Rah8
28. Rfd1 Nh4 29. Nxh4 Rxh4 30. Rd4 R4h7 31. Qg3 Qb7 32. b4 a6 33. Qf3 Rf8 34.
Rf4 g6 35. g4 Rfh8 36. gxf5 gxf5 37. h4 Rxh4 38. Rxh4 Rxh4 39. Rd4 Rh8 40. e4
Rf8 41. exd5 cxd5 42. cxd5 Ke8 43. Qh5+ Qf7 44. Qf3 Qg6 45. Qf4 Ke7 46. d6+ Kd7
47. Rc4 Rc8 48. Rxc8 Kxc8 49. Qc4+ Kb7 50. Qc7+ Ka8 51. Qd8+ Kb7 52. d7 f4 53.
Qc8+ Ka7 54. Qc7+ Ka8 1-0

[Event "Ostsjaellands EMT 2007"]
[Site "Faxe"]
[Date "2007.05.23"]
[Round "7"]
[White "Voigt, Keld"]
[Black "Jepsen, Finn"]
[Result "0-1"]
[WhiteElo "1303"]
[BlackElo "1178"]
[PlyCount "47"]
[EventDate "2007.??.??"]

1. e4 c5 2. d4 cxd4 3. Qxd4 Nc6 4. Qd1 Nf6 5. Nc3 g6 6. f4 e6 7. Nf3 Bg7 8. Bd3
d5 9. e5 Nd7 10. Nb5 O-O 11. Nd6 f6 12. O-O fxe5 13. fxe5 Ndxe5 14. Nxc8 Rxc8
15. Bg5 Nxf3+ 16. Rxf3 Qxg5 17. Rg3 Qh4 18. Qe2 Bd4+ 19. Kh1 Be5 20. Rh3 Qf2
21. Qg4 Nd4 22. c3 Nf5 23. Rf1 Qd2 24. Rh5 0-1